000 00378pam a2200157a 44500
008 230515b1990 xxu||||| |||| 00| 0 eng d
020 _aNULL
041 _aENGL
082 _a330 DES
100 _a"DESAI S.M.,"
245 _aAARTHIK VISHLESHAN BHAG-1 ANSHALKSHI(MARATHI)
250 _a3
260 _aPUNE
_bNIRALI PRAKASHAN
_c1990
300 _aNULL
650 _aECONOMICS
999 _c536919
_d536919